| 000 | 00843nam a22002415a 4500 | ||
|---|---|---|---|
| 003 | OSt | ||
| 005 | 20170411111008.0 | ||
| 008 | 170313s200? xx frb 000 0 ara d | ||
| 020 | _z978979550 | ||
| 040 |
_aEG-ScBUE _bara _cEG-ScBUE |
||
| 043 | _af-ua--- | ||
| 082 | 0 | 4 |
_a342.62023 _bع ب د _222 |
| 100 | 1 | _aعبد السلام، ياسر محمد. | |
| 245 | 1 | 2 |
_aالبسيط في النظام الدستوري المصري : _bمصر بين دستورين / _cياسر محمد عبد السلام. |
| 250 | _aط. 2. | ||
| 260 |
_a[د. م. : _bد. ن.، _c?200] |
||
| 300 |
_a166 ص. ؛ _c24 سم. |
||
| 504 | _aيشتمل على إرجاعات ببليوجرافية. | ||
| 650 | 7 |
_aالقانون الدستوري _zمصر. _2BUEsh _941131 |
|
| 651 | 7 |
_aالدساتير _xمصر. _2BUEsh |
|
| 653 |
_bLLAAWW _cApril2017 |
||
| 942 | _2ddc | ||
| 999 |
_c24639 _d24611 |
||